000 00551cam a2200193ua 4500
020 _a0 07 462471 7
_c156.00
041 _aeng
_h
082 _a005.73
_bTRE/N
100 _aTremblay, Jean-Paul .
245 _aIntroduction to data structures with applications /
_cJean - Paul Tremblay.
_hTextual Documents
250 _a2 /
_b.
260 _aNew Delhi :
_bTata Mc-Graw Hill Publishing Company ,
_c1984.
300 _a861 ; .
365 _a156.00
504 _a
700 1 _aSorenson, Paul G .
942 _cBK
999 _c9524
_d9524